000 00392nam a22001697a 4500
003 MPLRDC
005 20220104145245.0
008 210129b ||||| |||| 00| 0 eng d
082 _a242 SLR v.2
100 _a不详
245 _a属灵人. 中
_c
250 _a五版
260 _a
_b台湾福意书房
_c1974
300 _b
650 _a神学; 教义学
942 _cBK
_o242 SLR v.2
999 _c51218
_d51208